000 00285nam a22001337a 4500
008 190227b xxu||||| |||| 00| 0 eng d
020 _a0871969912
041 _aeng
080 _a591
100 _a7
101 _aZOO
245 _aInsects of the World
_cWotton, A
942 _2udc
_cBK
999 _c54385
_d54385